000 01286cam a2200361 a 4500
001 6030
003 FISKH
005 20250224123120.0
008 120321s2012 nyu c b 000 1 eng c
010 _a 2012009240
020 _a9780545325059
020 _a9780545325066
040 _aNJQ/DLC
_cNJQ
_beng
042 _alcac
_apcc
043 _an-us-ny
050 _aPZ7.M3213 R
082 _a813.6
100 1 _aManzano, Sonia
_d(1950–)
245 1 4 _aThe revolution of Evelyn Serrano /
_cSonia Manzano.
250 _aThis edition first published in 2014
260 _aNew York :
_bScholastic,
_c2012.
300 _a205 pages :
_c20 cm.
505 _aR
520 _aIt is 1969 in Spanish Harlem, and fourteen-year-old Evelyn Serrano is trying hard to break free from her conservative Puerto Rican surroundings, but when her activist grandmother comes to stay and the neighborhood protests start, things get a lot more complicated--and dangerous.
521 8 _a720
_bLexile
521 8 _aR
_bRaz-Plus
650 0 _aGrandmothers
_vJuvenile fiction.
650 0 _aGrandparent and child
_vJuvenile fiction.
650 0 _aIdentity (Psychology)
_vJuvenile fiction.
906 _a7
_bcbc
_corignew
_d1
_eecip
_f20
_gy-gencatlg
942 _2ddc
_cBK
_n0
999 _c6030
_d6030